000 00328nam a2200109Ia 4500
008 171211s9999 xx 000 0 und d
245 _aGastropolis: Food and New York City
245 _cAnnie Hauck-Lawson and Jonathan Deutsch
260 _c2010
650 _xCOOKBOOKS
856 _uhttp://down.ebook777.com/062/9780231136532.pdf
999 _c348164
_d348164